000 00323 a2200157 4500
001 177127
020 _a
040 _cMagnum
100 _aCouto, Jose Geraldo
240 1 0 _aBrasil: anos 60
_lpor
245 1 0 _aBrasil: anos 60
362 0 _a1899
440 1 _aÁtica
697 _aMAGNITO: PARADIDATICO
942 _cBK
999 _c177127
_d177127